Normal view
MARC view
- History- Kalat - Pakistan
Entry Topical Term
001 - CONTROL NUMBER
- control field: 4567
003 - CONTROL NUMBER IDENTIFIER
- control field: NUST
005 - DATE AND TIME OF LATEST TRANSACTION
- control field: 20170913115902.0
008 - FIXED-LENGTH DATA ELEMENTS
- fixed length control field: 170913|| aca||aabn | a|a d
040 ## - CATALOGING SOURCE
- Original cataloging agency: NUST
- Transcribing agency: NUST
150 ## - HEADING--TOPICAL TERM
- Topical term or geographic name entry element: History- Kalat - Pakistan
670 ## - SOURCE DATA FOUND
- Source citation: Work cat.: (NUST): Naseer, Mir Gul Khan 4566, Tareekh khawaneen kalat /, 1982
